000 00306nam a22001457a 4500
008 230530b ||||| |||| 00| 0 eng d
020 _a9782011600608
041 _aFRA
080 _a82
082 _a82BLE
100 _a38
101 _aGJL
245 _aLE BLED ORTHOGRAPHE
_cBLED E
942 _2udc
_cBK
999 _c59876
_d59876